Κατάλογος Βιβλιοθηκών Mediterranean College

Κλινική Ψυχολογία και Ψυχολογία της Υγείας / Έρευνα και Πρακτική (Record no. 6351)

MARC details
000 -LEADER
fixed length control field 01781cam a22002294a 4500
005 - ΗΜΕΡΟΜΗΝΙΑ ΚΑΙ ΩΡΑ ΤΕΛΕΥΤΑΙΑΣ ΕΝΗΜΕΡΩΣΗΣ
Πεδίο ελέγχου 20250605164240.0
008 - FIXED-LENGTH DATA ELEMENTS--GENERAL INFORMATION
Πεδίο ελέγχου σταθερού μήκους 250528s ||||||||||||||||||||||||d
035 ## - SYSTEM CONTROL NUMBER
System control number 21286
020 ## - ISBN
ISBN 9789600225020
040 ## - ΠΗΓΗ ΚΑΤΑΛΟΓΟΓΡΑΦΗΣΗΣ
Φορέας πρωτότυπης καταλογογράφησης MC Athens Campus Library
Γλώσσα καταλογογράφησης Ελληνικά, Μοντέρνα (1453-)
Modifying agency MC Athens Campus Library
Κανόνες περιγραφικής καταλογογράφησης AACR2
245 1# - ΤΙΤΛΟΣ ΚΑΙ ΔΗΛΩΣΗ ΥΠΕΥΘΥΝΟΤΗΤΑΣ
Τίτλος Κλινική Ψυχολογία και Ψυχολογία της Υγείας / Έρευνα και Πρακτική
260 ## - PUBLICATION, DISTRIBUTION, ETC.
Name of publisher, distributor, etc. Παπαζήση,
Date of publication, distribution, etc. 2010
300 ## - PHYSICAL DESCRIPTION
Extent 536
520 ## - SUMMARY, ETC.
Summary, etc. Στόχος της παρούσας έκδοσης είναι να διαφανεί το περιεχόμενο της Κλινικής Ψυχολογίας και της Ψυχολογίας της Υγείας, ο ρόλος τους καθώς και οι πολλαπλές ερευνητικές και κλινικές εφαρμογές που αναπτύσσονται στον ευρύτερο χώρο της Υγείας και της Κοινότητας. Κλινική Ψυχολογία, Η Κλινική Ψυχολογία στην Ελλάδα: Επιστημονική Ταυτότητα, Ψυχοθεραπεία: Θεωρητικές Προσεγγίσεις και Προβληματισμοί, Ψυχική Υγεία Παιδιών και Εφήβων, Ψυχική Υγεία Νεαρών Ενηλίκων, Οικογένεια και Κοινότητα, Ψυχολογία της Υγείας, Χρόνιες Ασθένειες, Ασθενείς - Κοινότητα, Ασθενείς - Νοσοκομείο.
700 1# - ΠΡΟΣΘΕΤΗ ΑΝΑΓΡΑΦΗ--ΦΥΣΙΚΟ ΠΡΟΣΩΠΟ
Personal name Κουλιεράκης Γεώργιος
9 (RLIN) 7326
700 1# - ΠΡΟΣΘΕΤΗ ΑΝΑΓΡΑΦΗ--ΦΥΣΙΚΟ ΠΡΟΣΩΠΟ
Personal name Πασχάλη Αντωνία
9 (RLIN) 7327
700 1# - ΠΡΟΣΘΕΤΗ ΑΝΑΓΡΑΦΗ--ΦΥΣΙΚΟ ΠΡΟΣΩΠΟ
Personal name Ρότσικα Βασιλική
9 (RLIN) 7328
700 1# - ΠΡΟΣΘΕΤΗ ΑΝΑΓΡΑΦΗ--ΦΥΣΙΚΟ ΠΡΟΣΩΠΟ
Personal name Τζινιέρη-Κοκκώση Μαρία
9 (RLIN) 7329
942 ## - ADDED ENTRY ELEMENTS (KOHA)
Koha item type Books
Holdings
Τύπος τεκμηρίου Βιβλιοθήκη Τρέχουσα τοποθεσία Barcode Αριθμός εισαγωγής Ημερομηνία απόκτησης Ταξιθετικό σύμβολο Αριθμός αντιτύπου Κατάσταση απόσυρσης Κατάσταση χαμένου Κατάσταση κατεστραμμένου Μη δανεισμός Σύνολο δανεισμών Ημερομηνία τελευταίας εμφάνισης Η τιμή ισχύει από
Books MC Athens Campus Library MC Athens Campus Library 9780000063502 5375 05/06/2025 157.9 KOU 1           05/06/2025 05/06/2025

MC Athens Campus Library
Πατησίων 94 & Κοδριγκτώνος 13, 104 34
Πελλήνης 8 & Πατησίων 107, 112 51
Τ: +30 210 8899600

MC Thessaloniki Campus Library
Ίωνος Δραγούμη 21, 54625 | Ίωνος Δραγούμη 15, 54625
Τ: +30 2310 287779 – Τ: +30 2314 440300